ბათუმის შოთა რუსთაველის სახელმწიფო უნივერსიტეტის ბიბლიოთეკა

მარკეტინგის საფუძვლები / (ბიბ.ჩანაწერი № 51380)

000 -ლიდერი
ფიქსირებული სიგრძის საკონტროლო ველი 01485nam a2200301Ia 4500
001 - საკონტროლო ნომერი
საკონტროლო ველი 18364
003 - საკონტროლო ნომრის იდენტიფიკატორი
საკონტროლო ველი GE_BSU
005 - ბოლო ოპერაციის თარიღი და დრო
საკონტროლო ველი 20210804122648.0
008 - ფიქსირებული სიგრძის მონაცემთა ელემენტები - ზოგადი ინფორმაცია
ფიქსირებული სიგრძის საკონტროლო ველი 181216s ||||ge |||||||||||||| ||geo||
020 ## - წიგნის საერთაშორისო სტანდარტული ნომერი
International Standard Book Number 9789941233524
040 ## - კატალოგიზაციის წყარო
Transcribing agency GE_BSU
041 ## - ენის კოდი
Language code of text/sound track or separate title geo
080 ## - უნივერსალური ათობითი კლასიფიკაციის ინდექსი
Universal Decimal Classification number 339.138 კ-79
100 ## - მთავარი ჩანაწერი - პიროვნების სახელი
Personal name კოტლერი, ფ.
9 (RLIN) 12370
245 ## - ცნობა სათაურის შესახებ
Title მარკეტინგის საფუძვლები /
Statement of responsibility, etc ფ. კოტლერი, გ. არმსტრონგი ; მთარგმნ. : ლ. აბდუშელიშვილი, ნ. მანჩხაშვილი ; რედ. : ნ. ილაშვილი, ე. ჩაბრაძე.
250 ## - გამოცემის ცნობა
Edition statement მე-14 გამოცემა
264 ## - წარმოების, გამოცემის, დისტრიბუციის და სხვა ცნობები
გამოცემის, წარმოების, დისტრიბუციის... ადგილი თბილისი ;
გამოცემის, წარმოების, დისტრიბუციის... სახელწოდება ბაკურ სულაკაურის გამ-ბა,
გამოცემის, წარმოების, დისტრიბუციის... თარიღი 2015.
300 ## - ფიზიკური აღწერა
Extent 746 გვ. ;
Dimensions 28 სმ.
653 ## - INDEX TERM--UNCONTROLLED
Uncontrolled term ეკონომიკა
653 ## - INDEX TERM--UNCONTROLLED
Uncontrolled term მარკეტინგის საფუძვლები
700 ## - ADDED ENTRY--PERSONAL NAME
Personal name არმსტრონგი, გ.
Relator term ავტორი
9 (RLIN) 12371
700 ## - ADDED ENTRY--PERSONAL NAME
Personal name აბდუშელიშვილი, ლ.
Relator term მთარგმნელი
9 (RLIN) 12372
700 ## - ADDED ENTRY--PERSONAL NAME
Personal name მანჩხაშვილი, ნ.
Relator term მთარგმნელი
9 (RLIN) 12373
700 ## - ADDED ENTRY--PERSONAL NAME
Personal name ილაშვილი, ნ.
Relator term რედაქტორი
9 (RLIN) 12374
700 ## - ADDED ENTRY--PERSONAL NAME
Personal name ჩაბრაძე, ე.
Relator term რედაქტორი
9 (RLIN) 12375
942 ## - ADDED ENTRY ELEMENTS (KOHA)
Koha item type წიგნი
Source of classification or shelving scheme
ეგზემპლარები
ჩამოწერის სტატუსი დაკარგული ეგზემპლარის სტატუსი კლასიფიკაციის წყარო ან თაროზე გაწყობის სქემა დაზიანების სტატუსი არ გაიცემა მუდმივი მდებარეობა (დაცვის ადგილი) ამჟამინდელი ადგილსამყოფელი თაროზე განთავსების ადგილი შეძენის თარიღი ღირებულება, შესყიდვის ნორმალური ფასი სრული შენახვის შიფრი შტრიხკოდი ბოლო ოპერაციის თარიღი ეგზემპლარის მიმდევრობითი ნომერი (კეტერი?) ფასის ძალაში შესვლის თარიღი ეგზემპლარის სახეობა საჯარო შენიშვნა
          ბათუმის შოთა რუსთაველის სახელმწიფო უნივერსიტეტის მთავარი ბიბლიოთეკა ბათუმის შოთა რუსთაველის სახელმწიფო უნივერსიტეტის მთავარი ბიბლიოთეკა წიგნსაცავი 2018-12-17 70.00 339.138 კ-79 47025 2018-12-17 47025 2018-12-17 წიგნი 70.00 ₾.
          ბათუმის შოთა რუსთაველის სახელმწიფო უნივერსიტეტის მთავარი ბიბლიოთეკა ბათუმის შოთა რუსთაველის სახელმწიფო უნივერსიტეტის მთავარი ბიბლიოთეკა წიგნსაცავი 2018-12-17 70.00 339.138 კ-79 47026 2018-12-17 47026 2018-12-17 წიგნი 70.00 ₾.
          ბათუმის შოთა რუსთაველის სახელმწიფო უნივერსიტეტის მთავარი ბიბლიოთეკა ბათუმის შოთა რუსთაველის სახელმწიფო უნივერსიტეტის მთავარი ბიბლიოთეკა წიგნსაცავი 2018-12-17 59.42 339.138 კ-79 54853 2018-12-17 54853 2018-12-17 წიგნი 59.42 ₾.
          ბათუმის შოთა რუსთაველის სახელმწიფო უნივერსიტეტის მთავარი ბიბლიოთეკა ბათუმის შოთა რუსთაველის სახელმწიფო უნივერსიტეტის მთავარი ბიბლიოთეკა წიგნსაცავი 2018-12-17 59.42 339.138 კ-79 54854 2018-12-17 54854 2018-12-17 წიგნი 59.42 ₾.
          ბათუმის შოთა რუსთაველის სახელმწიფო უნივერსიტეტის მთავარი ბიბლიოთეკა ბათუმის შოთა რუსთაველის სახელმწიფო უნივერსიტეტის მთავარი ბიბლიოთეკა წიგნსაცავი 2018-12-17 59.42 339.138 კ-79 54855 2018-12-17 54855 2018-12-17 წიგნი 59.42 ₾.
          ბათუმის შოთა რუსთაველის სახელმწიფო უნივერსიტეტის მთავარი ბიბლიოთეკა ბათუმის შოთა რუსთაველის სახელმწიფო უნივერსიტეტის მთავარი ბიბლიოთეკა წიგნსაცავი 2018-12-17 59.42 339.138 კ-79 54856 2018-12-17 54856 2018-12-17 წიგნი 59.42 ₾.
          ბათუმის შოთა რუსთაველის სახელმწიფო უნივერსიტეტის მთავარი ბიბლიოთეკა ბათუმის შოთა რუსთაველის სახელმწიფო უნივერსიტეტის მთავარი ბიბლიოთეკა წიგნსაცავი 2018-12-17 59.42 339.138 კ-79 54857 2018-12-17 54857 2018-12-17 წიგნი 59.42 ₾.